000 00303nam a22001337a 4500
020 _a0-471-53016-6
082 _a660 LEV'C
100 _aLEVENSPIEL, OCTAVE
_914265
245 _aCHEMICAL REACTION ENGINEERING
250 _a2ND
260 _aNEWYORK
_bJOHN WILEY
_c1972
300 _a578P
942 _cBK
999 _c583199
_d583199